000
00198nam a2200073Ia 4500
008
170617s9999 xx 000 0 und d
100
_a
Mohd. Ali/Gupta.Jyogi
245
0
_a
Drug Store and Business Management
260
_b
Mumbai-Source
999
_c
14797
_d
14797